000 00630nam a22002057a 4500
999 _c10873
_d10873
003 AR-CdUCM
008 190329b ||||| |||| 00| 0 spa d
040 _aMUNICIPALIDAD PROVINCIAL DEL CUSCO
_cBIBLIOTECA MUNICIPAL DEL CUSCO
082 _aES / 800 /
_bV52
100 _aVerne, Julio
_910153
245 _aUn Capitán de 15 años /
260 _aBilbao - España :
_bEditorial Vasco Americana ;
_c1964.
300 _a124 páginas ;
_c19cm
440 _aSelecciones Juveniles
_n8
_927926
505 _aContenido: Novela
650 _aNovela juvenil
_9823
650 _aLiteratura
_9416
942 _2ddc
_cLIBROS
945 _anom